| 000 | 01650nkm a2200385 c 4500 | ||
|---|---|---|---|
| 003 | BLK | ||
| 005 | 20180421002022.0 | ||
| 008 | 180412b bul rap|r|||| r0| ||bulo| | ||
| 010 | _aKNG00162815000 | ||
| 040 | _aBLK | ||
| 041 |
_aRUS _cRUS |
||
| 080 |
_aПриложно изкуство. Художествени занаяти. Интериор. Дизайн. Играчки. Худож. пространствено оформление _b745/749 _x(520) _z745/749(520) |
||
| 100 | 1 |
_aНиколаева, Наталья Сергеевна _eпърви автор _9313656 |
|
| 139 |
_aНиколаева, Наталья Сергеевна _bН 72 |
||
| 245 | 1 | 0 |
_aДекоративное искусство Японии _cНаталья Сергеевна Николаева. |
| 257 | _aSUN | ||
| 260 |
_аМосква _bИскусство _c1972 |
||
| 300 |
_a88 с., 122 с. _bил. _c29 см |
||
| 380 | _a7 | ||
| 500 | _aБиблиогр. с. 79-81. - Списък на ил. - Бел. към текст. - 10 000 тир. | ||
| 650 | 4 |
_aИзкуство, японско _9313595 |
|
| 650 | 4 |
_aХудожествени занаяти _9278025 |
|
| 651 | 4 |
_aЯпония _9179845 |
|
| 653 | _aдекоративно изкуство | ||
| 653 | _aхудожествени занаяти | ||
| 653 | _aЯпония | ||
| 653 | _aмаски | ||
| 653 | _aнецке | ||
| 653 | _aбитови предмети | ||
| 852 | _aЦб Гр А ІІ 1794 | ||
| 856 | 4 |
_qpdf _u |
|
| 856 | 4 |
_qpdf _u |
|
| 942 |
_cGRA _n0 |
||
| 944 |
_aCR _c05.07.2014 _l05.07.2014 - от С1,Р / 05.07.2014 _kКамелия_Данева |
||
| 944 |
_aED _c05.07.2014 _l05.07.2014 - от С1,Р / 05.07.2014 _k |
||
| 999 |
_c210159 _d210159 |
||